[Event "Natal U15 op"]
[Site "Natal"]
[Date "2013.11.10"]
[Round "5"]
[White "De Carvalho, Miguel Angelo A"]
[Black "Tomaz, Luiz Antonio da Sil"]
[Result "1-0"]
[WhiteElo "2106"]
[BlackElo "1915"]
[PlyCount "57"]
[EventDate "2013.11.08"]
[EventType "swiss"]
[EventRounds "5"]
[EventCountry "BRA"]
[SourceTitle "EXT 2016"]
[Source "ChessBase"]
[SourceDate "2015.10.08"]
[SourceVersion "1"]
[SourceVersionDate "2015.10.08"]
[SourceQuality "1"]

1. e4 c5 2. Nc3 Nc6 3. f4 e6 4. Nf3 Nd4 5. Bd3 Ne7 6. Nxd4 cxd4 7. Ne2 Nc6 8. 0-0 d5 9. e5 Qb6 10. Kh1 Nb4 11. b3 Bd7 12. Bb2 Bc5 13. Rf3 Nxd3 14. Rxd3 Bb5 15. Rg3 g6 16. d3 a5 17. a4 Bc6 18. Qg1 Qb4 19. Bxd4 Bxd4 20. Nxd4 Rc8 21. Qe3 Bd7 22. Rf1 Rc5 23. f5 gxf5 24. Rg7 Kd8 25. Rxf7 Rg8 26. h3 Qb6 27. Qh6 Rc7 28. Qf6+ Kc8 29. Rf8+ 1-0

[Event "Natal U15 op"]
[Site "Natal"]
[Date "2013.11.09"]
[Round "4"]
[White "Tomaz, Luiz Antonio da Sil"]
[Black "Dos Santos, Matheus Garcett Sou"]
[Result "1-0"]
[WhiteElo "1915"]
[BlackElo "1912"]
[PlyCount "91"]
[EventDate "2013.11.08"]
[EventType "swiss"]
[EventRounds "5"]
[EventCountry "BRA"]
[SourceTitle "EXT 2016"]
[Source "ChessBase"]
[SourceDate "2015.10.08"]
[SourceVersion "1"]
[SourceVersionDate "2015.10.08"]
[SourceQuality "1"]

1. e4 c5 2. Nf3 d6 3. d4 cxd4 4. Qxd4 Nc6 5. Bb5 Bd7 6. Bxc6 Bxc6 7. c4 Nf6 8. Nc3 g6 9. Bg5 Bg7 10. Nd5 Bxd5 11. cxd5 0-0 12. 0-0 Qd7 13. Rfe1 Ng4 14. Qd2 h6 15. Bf4 g5 16. Bg3 Rfd8 17. h4 gxh4 18. Bxh4 Re8 19. Rac1 Rac8 20. Nd4 Bxd4 21. Qxd4 a6 22. Rc3 Rxc3 23. bxc3 Ne5 24. Re3 Ng6 25. Bg3 Qg4 26. Rf3 f6 27. Qe3 Qg5 28. Qb6 Ne5 29. Bxe5 Qxe5 30. Qe3 Qh5 31. Rh3 Qd1+ 32. Kh2 Kf7 33. Qxh6 Rg8 34. Qh7+ Rg7 35. Qf5 Qg4 36. Rg3 Qxf5 37. Rxg7+ Kxg7 38. exf5 b6 39. f4 b5 40. g4 a5 41. a3 Kg8 42. g5 Kf7 43. Kg3 Kg7 44. Kg4 Kh7 45. Kh5 a4 46. Kh4 1-0

[Event "Natal U15 op"]
[Site "Natal"]
[Date "2013.11.08"]
[Round "1"]
[White "Lopes, Nicolas Meira Sinot"]
[Black "Tomaz, Luiz Antonio da Sil"]
[Result "0-1"]
[WhiteElo "1726"]
[BlackElo "1915"]
[PlyCount "48"]
[EventDate "2013.11.08"]
[EventType "swiss"]
[EventRounds "5"]
[EventCountry "BRA"]
[SourceTitle "EXT 2016"]
[Source "ChessBase"]
[SourceDate "2015.10.08"]
[SourceVersion "1"]
[SourceVersionDate "2015.10.08"]
[SourceQuality "1"]

1. d4 Nf6 2. c4 e6 3. Nc3 c5 4. Nf3 cxd4 5. Nxd4 Bb4 6. Qc2 Nc6 7. Nf3 d5 8. a3 Qa5 9. Bd2 d4 10. Nb1 e5 11. Qb3 Bxd2+ 12. Nbxd2 e4 13. Ng1 Ng4 14. Qb5 e3 15. Qxa5 Nxa5 16. Ne4 exf2+ 17. Nxf2 Ne3 18. Rc1 Nb3 19. Rb1 Nxf1 20. Ne4 Ne3 21. Kf2 0-0 22. Nf3 Bf5 23. Nxd4 Ng4+ 24. Kf3 Nxd4+ 0-1